000 00952cam a2200313 4500
999 _c60945
_d60945
001 193933241
003 DE-627
005 20201022124208.0
007 tu
008 960308s1942 xx ||||| 00| ||ger c
035 _a(DE-627)193933241
035 _a(DE-599)GBV193933241
035 _a(OCoLC)166437201
035 _a(AT-OBV)AC05279187
040 _aDE-627
_bger
_cDE-627
_erakwb
_dSTAFF
041 _ager
044 _cXA-DXDE
100 1 _aSchneider, Arthur von
_d1886-1968
_0(DE-588)116822805
_0(DE-627)078293782
_0(DE-576)290870011
_4aut
245 1 0 _aDeutsche Romantiker-Zeichnungen
_cEinf. und Ausw. von Arthur von Schneider
246 3 0 _aRomantikerzeichnungen
264 1 _aMünchen
_bPrestel
_c1942
300 _aXVI, 48 S.
_büberw. Ill.
_c
336 _aText
_btxt
_2rdacontent
337 _aohne Hilfsmittel zu benutzen
_bn
_2rdamedia
338 _aBand
_bnc
_2rdacarrier
500 _aIn Fraktur
951 _aBO
942 _2z
_cBK